Divided U.S. State Name Puzzle - Statistics

General Stats
  • This quiz has been taken 870 times
  • The average score is 18 of 20
Answer Stats
State Name % Correct
MASSA CHU SETTS Massachusetts
98%
MIS SISS IPPI Mississippi
98%
NEW JE RSEY New Jersey
98%
NEW MEXI CO New Mexico
98%
ALA BA MA Alabama
97%
FLO RI DA Florida
97%
CALI FOR NIA California
96%
COL ORA DO Colorado
95%
ILLI NO IS Illinois
94%
IND IA NA Indiana
94%
NEB RA SKA Nebraska
94%
VER MO NT Vermont
93%
WY OM ING Wyoming
93%
MON TA NA Montana
92%
ID A HO Idaho
88%
MAR YL AND Maryland
83%
TE X AS Texas
83%
NE VA DA Nevada
80%
O HI O Ohio
75%
MA I NE Maine
73%
No matching quizzes found
Score Distribution
Percent of People with Each Score
Percentile by Number Answered
Your Score History
You have not taken this quiz